| 000 | 00481nam a22001217a 4500 | ||
|---|---|---|---|
| 999 |
_c18762 _d18762 |
||
| 008 | 210209b xxu||||| |||| 00| 0 eng d | ||
| 050 |
_aGMB0815 _b.N55 2017 c.1 |
||
| 100 | _aNkirimpai, Joseph Oleku | ||
| 245 |
_aInfluence of enterprise risk management practices on financial performance of commercial maize farming ventures in Nakuru county, kenya _cJoseph Oleku Nkirimpai |
||
| 260 |
_aKabarak, Nakuru, Kenya _bKabarak University _c2017 |
||
| 300 | _a64 leaves | ||
| 942 |
_2lcc _cTHE |
||